Hero / (Record no. 5147)

MARC details
000 -LEADER
fixed length control field 01642pam a2200241 4500
001 - CONTROL NUMBER
control field 6098
020 ## - INTERNATIONAL STANDARD BOOK NUMBER
International Standard Book Number 9781471133442
Terms of availability
100 1# - MAIN ENTRY--PERSONAL NAME
Personal name Byrne, Rhonda.
Relator term
245 10 - TITLE STATEMENT
Title Hero /
Statement of responsibility, etc. Rhonda Byrne.
264 #1 - PRODUCTION, PUBLICATION, DISTRIBUTION, MANUFACTURE, AND COPYRIGHT NOTICE
Place of production, publication, distribution, manufacture London :
Name of producer, publisher, distributor, manufacturer Simon & Schuster,
Date of production, publication, distribution, manufacture, or copyright notice 2013.
300 ## - PHYSICAL DESCRIPTION
Extent ix, 227 pages :
Other physical details
Dimensions 19 cm.
336 ## - CONTENT TYPE
Content type term still image
Source rdacontent.
Content type term text
Source rdacontent.
337 ## - MEDIA TYPE
Media type term unmediated
Source rdamedia.
338 ## - CARRIER TYPE
Carrier type term volume
Source rdacarrier.
490 0# - SERIES STATEMENT
Series statement The secret.
504 ## - BIBLIOGRAPHY, ETC. NOTE
Bibliography, etc. note Includes bibliographical references.
505 ## - FORMATTED CONTENTS NOTE
Formatted contents note The Dream -- The call to adventure -- Refusal of the call -- Finding your dream -- Follow your bliss -- The Hero -- Belief -- Vision -- The mind of a hero -- The heart of a hero -- The way of the hero -- Commitment -- The Quest -- The labyrinth -- Naysayers & allies -- The road of trials & miracles -- The supreme ordeal -- Victory -- The reward -- A life worth living -- The hero in you
520 ## - SUMMARY, ETC.
Summary, etc. "This is the story about why you are here on planet Earth. There is something special about you. There is something you were born to be and do that not one of the other seven billion of us was. There is a life you are meant to live; there is a journey you are meant to take. This book is about that journey. In this book twelve of the most successful people living in the world share their seemingly impossible stories, and reveal that you were born with everything you need to live your greatest dream, and that by doing so you will fulfill your mission and literally change the world"
650 ## - SUBJECT ADDED ENTRY--TOPICAL TERM
Topical term or geographic name entry element Self-realization.
Form subdivision
General subdivision
Chronological subdivision
Geographic subdivision
Source of heading or term
Topical term or geographic name entry element Success.
Form subdivision
General subdivision
Chronological subdivision
Geographic subdivision
Source of heading or term
Topical term or geographic name entry element Self-actualization (Psychology)
Holdings
Withdrawn status Lost status Source of classification or shelving scheme Damaged status Not for loan Collection code Home library Current library Shelving location Date acquired Serial Enumeration / chronology Inventory number Total Checkouts Total Renewals Full call number Barcode Date last seen Date last checked out Price effective from Koha item type
    Dewey Decimal Classification     Main TEST RTC Library RTC Library Main opac 27/11/2018 9623 5 2 131 BYR 30000957 05/12/2025 20/10/2025 27/11/2018 Main
Royal Thimphu College || All Right Reserved